000 00960nam0a2200301 4500
001 RU\NLR\bibl\8371
005 20250615010512.0
035 _a(NLR Aleph) 000008175
090 _a25880
_c25880
100 _a19981124d1998 |||y0rusy50 ca
101 1 _arus
_cita
102 _aRU
105 _a|||||||||||||
200 1 _aХолсты
_e[Стихи]
_fМикеле Капоцци
_gПер. с итал. Ю. Свенцицкой
_gРед. пер. И. Володина
210 _aСПб
_cБ.и.
_d1998
215 _a108 с.
_d20
686 _aШ6(2=Р)75-57
686 _aШ6(4Ит)67-5я44
700 1 _aКапоцци
_bМ.
_f1948-
_gМикеле
_4070
702 1 _aСвенцицкая
_bЮ.
_gЮлия
_4730
801 0 _aRU
_bNLR
_c19981124
_gPSBO
801 1 _aRU
_bNLR
_c19981124
852 _aNLR
_j98-3/7677
942 _cBOOK
980 _aNB